| 000 | 00621cam a2200205 i 4500 | ||
|---|---|---|---|
| 001 | 1774649 | ||
| 005 | 20180131045955.0 | ||
| 008 | 770222s1977 coua 101 0 eng | ||
| 010 | _a 77002659 | ||
| 020 | _a0891587306 | ||
| 040 |
_aDLC _cDLC _dDLC |
||
| 041 | _aeng | ||
| 080 | _a330 HAR | ||
| 082 | 0 | 0 | _a330 HAR |
| 100 | _a52 | ||
| 101 | _aMIK | ||
| 245 | 0 | 4 |
_aThe Microeconomic foundations of macroeconomics : _cedited by G. C. Harcourt. |
| 906 |
_a7 _bcbc _corignew _d1 _eocip _f19 _gy-gencatlg |
||
| 942 |
_2ddc _cBK |
||
| 999 |
_c41358 _d41358 |
||